Stations de la ligne T10 du tramway francilien sur une carte - Statistiques

Statistiques générales
  • Ce quiz a été pris 69 fois
  • Le résultat moyen est 10 sur 13
Réponses sur la Carte
Les réponses sont colorées sur une échelle allant du rouge au vert en fonction du pourcentage des utilisateurs qui les ont devinées à leur premier essai. Vous pouvez retrouver ces pourcentages ci-dessous.
 
Statistiques - réponses
Arrêt % Correct
Jardin Parisien
98%
La Croix de Berny - Parc de Sceaux
93%
Hôpital Béclère
90%
Malabry
86%
La Vallée
79%
Noveos
79%
Théâtre La Piscine
76%
Parc des Sports
74%
Petit-Châtenay
71%
Le Hameau
67%
Les Peintres
67%
Vallée aux Loups
67%
Cité-Jardin
62%
Aucun quiz correspondant
Distribution des résultats
% des personnes avec chaque résultat
Percentile par nombre de réponses
Votre historique - résultats
Vous n’avez pas pris ce quiz